| 000 | 00415nam a2200121 a 4500 | ||
|---|---|---|---|
| 008 | 120416s1971 xx |||||||||||||| || u | ||
| 050 | _aNK 2110 Ale | ||
| 100 | _aAlexander, Mary Jean | ||
| 245 | 1 | 0 | _aDesigning interior environment |
| 260 | _c1971 | ||
| 350 | _a0.00 | ||
| 995 |
_D0.00 _FCBU-MAIN LIBRARY (Kitwe) _H1 _I6.95 _M1 _UDAMAGED _ZMain Library Open Access Collection |
||
| 999 |
_c39795 _d39795 |
||